书目信息 |
| 题名: |
维修电工必读
|
|
| 作者: | ;天津市第一机械工业局 主编 | |
| 分册: | ||
| 出版信息: | 天津 天津科学技术出版社 1981 |
|
| 页数: | 509页 | |
| 开本: | 19cm | |
| 丛书名: | 工人技术等级标准自学丛书 | |
| 单 册: | ||
| 中图分类: | TM07 | |
| 科图分类: | ||
| 主题词: | 电工--保养 , 电工--维修 | |
| 电子资源: | ||
| ISBN: | ||
| 000 | 00804nam2 2200265 45 | |
| 001 | 0181004276 | |
| 005 | 20061123143050.51 | |
| 010 | @dCNY1.10 | |
| 091 | @a15212.33 | |
| 100 | @a19950408d1981 em y0chiy0121 ea | |
| 101 | 0 | @achi |
| 102 | @aCN@b120000 | |
| 105 | @ay z 000yy | |
| 200 | 10 | @a维修电工必读@Awei xiu dian gong bi du@f天津市第一机械工业局主编@Ftian jin shi di yi ji xie gong ye ju zhu bian |
| 210 | @a天津@c天津科学技术出版社@d1981 | |
| 215 | @a509页@d19cm | |
| 225 | 2 | @a工人技术等级标准自学丛书 |
| 410 | 0 | @120010@a工人技术等级标准自学丛书 |
| 606 | 0 | @a电工@x保养 |
| 606 | 0 | @a电工@x维修 |
| 690 | @aTM07 | |
| 711 | 0 | @a天津市第一机械工业局@Atian jin shi di yi ji xie gong ye ju@4主编 |
| 801 | 2 | @aCN@bNLC@c20061123 |
| 801 | 0 | @aCN@b上海图书馆@c20040525 |
| 905 | @dTM07@e3 | |
| 维修电工必读/天津市第一机械工业局主编.-天津:天津科学技术出版社,1981 |
| 509页;19cm.-(工人技术等级标准自学丛书) |
| ISBN :CNY1.10 |
| ● |
| 相关链接 |
|
|
|
|
正题名:维修电工必读
索取号:TM07/3
 
预约/预借
| 序号 | 登录号 | 条形码 | 馆藏地/架位号 | 状态 | 备注 |
| 1 | 0063534 | 000799023 | 第二样本阅览室/ [索取号:TM07/3] | 在馆 |